Click the Animal Footprints - Statistics

General Stats
  • This quiz has been taken 3,080 times
  • The average score is 13 of 20
Answer Stats
Hint Extra Hint Answer % Correct
Human

92%
Chicken

89%
Elephant

82%
Frog

80%
Cat

79%
Wolf

78%
Brown bear (front)

77%
Gorilla (hind)

77%
Hare (hind)

69%
Tyrannosaurus Rex

64%
Duck

61%
Horse

59%
Koala (front)

57%
Boar

49%
Camel

45%
Rhinoceros

44%
Crocodile (front)

42%
Lemur (front)

39%
Kangaroo (hind)

36%
Cow / Buffalo

34%
No matching quizzes found
Score Distribution
Percent of People with Each Score
Percentile by Number Answered
Your Score History
You have not taken this quiz